Ekonomika a řízení spojů

Na minha lista:
Detalhes bibliográficos
Autor principal: Schneiderová, Ludmila
Formato: Livro
Idioma:tcheco
Publicado em: Praha VŠE 1988
Edição:2. přeprac. vyd.
Tags: Adicionar Tag
Sem tags, seja o primeiro a adicionar uma tag!

MARC

LEADER 00000nam a2200000 4500
001 c033694
005 20221219085121.2
041 0 |a cze 
044 |a CZ 
245 1 0 |a Ekonomika a řízení spojů  |c Ludmila Schneiderová a kol. 
250 |a 2. přeprac. vyd. 
264 1 |a Praha  |b VŠE  |c 1988 
300 |a 2 díly 
100 1 |a Schneiderová, Ludmila